| 000 | 00567nam a22001697a 4500 | ||
|---|---|---|---|
| 003 | NUST | ||
| 038 | _aZafar Iqbal Malik | ||
| 082 | _a200 | ||
| 100 |
_aBano, Bahar _9127704 |
||
| 245 |
_aThe Dynamics of Protests in Gilgit BaltistanIslamabad _cBahar Bano |
||
| 264 |
_aIslamabad _bS3H NUST _c2023 |
||
| 300 |
_a93, p. _c35 cm. |
||
| 650 |
_aMS-Government and Public Policy _9125323 |
||
| 700 |
_aSupervisor: Dr. Syed Rifaat Hussain; Co Supervisor: Dr. Hassan Jalil Shah _9127705 |
||
| 856 | _uhttp://10.250.8.41:8080/xmlui/handle/123456789/48923 | ||
| 942 |
_2ddc _cSC |
||
| 999 |
_c612752 _d612752 |
||